Irish literature in English : the Romantic period (1789-1850) /

Bibliographic Details
Main Author: Rafroidi, Patrick
Format: Book
Language:English
French
Published: Atlantic Highlands, N.J. : Humanities Press, 1980.
Subjects:

MARC

Tag First Indicator Second Indicator Subfields
LEADER 00000cam a2200000 a 4500
001 in00000082351
005 20151008061138.0
008 790427s1980 njua b 00110 engm
010 |a  79012605  
020 |a 0391010328 (v. 1) 
020 |a 0391010336 (v. 2) 
035 |a (OCoLC)04983470 
035 |9 AAJ7403AM 
040 |a DLC  |c DLC  |d m.c.  |d TXA  |d UtOrBLW 
041 1 |a eng  |a fre 
043 |a e-ie--- 
049 |a TXAM  |v 1 [1196713]  |v 2 [1196714] 
050 0 0 |a PR8750  |b .R313 1980b 
082 0 |a 820/.9/007 
100 1 |a Rafroidi, Patrick. 
240 1 0 |a Irlande et le romantisme.  |l English 
245 1 0 |a Irish literature in English :  |b the Romantic period (1789-1850) /  |c Patrick Rafroidi. 
264 1 |a Atlantic Highlands, N.J. :  |b Humanities Press,  |c 1980. 
300 |a 2 volumes :  |b illustrations ;  |c 23 cm. 
336 |a text  |b txt  |2 rdacontent 
337 |a unmediated  |b n  |2 rdamedia 
338 |a volume  |b nc  |2 rdacarrier 
500 |a Translation of L'Irlande et le romantisme. 
500 |a Includes index. 
504 |a The bibliography has been revised and updated. 
504 |a Bibliography: volume 2. 
650 0 |a English literature  |x Irish authors  |x History and criticism. 
650 0 |a English literature  |y 19th century  |x History and criticism. 
650 0 |a Romanticism  |z Ireland. 
999 |a MARS 
999 f f |s acae6af9-654d-3e0b-a51e-e0e088375141  |i 94c64507-f307-3ed2-8786-20ae6ae212a4  |t 0 
952 f f |p ric  |a Texas A&M University  |b Rellis Campus  |c Joint Library Facility  |d Remote Storage  |t 0  |e PR8750 .R313 1980b  |h Library of Congress classification  |i unmediated -- volume  |k v.2  |m A14806187988 
952 f f |p ric  |a Texas A&M University  |b Rellis Campus  |c Joint Library Facility  |d Remote Storage  |t 0  |e PR8750 .R313 1980b  |h Library of Congress classification  |i unmediated -- volume  |k v.1  |m A14806187970 
998 f f |a PR8750 .R313 1980b  |s v.1-v.2  |t 0  |l Remote Storage